Science - Biology | 2 | 3 | 1 | 0 | 55 | 35 | 85.40 | 2 | 4 |
Philosophy | 1 | 2 | 0 | 1 | 35 | 16 | 69.00 | 0 | 2 |
Science - Chemistry | 0 | 4 | 2 | 1 | 30 | 77 | 114.75 | 0 | 4 |
Other Science: Math | 1 | 1 | 0 | 1 | 25 | 22 | 65.00 | 1 | 2 |
History - World History | 0 | 3 | 1 | 1 | 25 | 105 | 119.67 | 1 | 1 |
Beliefs | 1 | 1 | 0 | 1 | 25 | 39 | 85.50 | 1 | 1 |
Science - Physics | 0 | 2 | 0 | 0 | 20 | 92 | 110.50 | 0 | 1 |
History - European History | 1 | 1 | 1 | 0 | 20 | 33 | 56.50 | 0 | 2 |
Other Academic | 0 | 1 | 0 | 0 | 10 | 88 | 88.00 | 1 | 1 |
Current Events | 0 | 1 | 0 | 0 | 10 | 118 | 118.00 | 0 | 1 |
Fine Arts - Visual Fine Arts | 0 | 1 | 0 | 0 | 10 | 116 | 116.00 | 0 | 0 |
Geography | 0 | 1 | 0 | 0 | 10 | 113 | 113.00 | 0 | 1 |
Literature - European Literature | 0 | 1 | 0 | 0 | 10 | 81 | 81.00 | 0 | 1 |
Other Science: Computer Science | 0 | 1 | 0 | 0 | 10 | 123 | 123.00 | 0 | 1 |
Social Science | 0 | 1 | 0 | 0 | 10 | 94 | 94.00 | 0 | 1 |
Literature - British Literature | 0 | 1 | 1 | 0 | 5 | 106 | 106.00 | 0 | 0 |
Literature - American Literature | 0 | 0 | 1 | 0 | -5 | | 0.00 | 0 | 0 |
| 0 | 1 | 4 | 1 | -10 | 127 | 127.00 | 0 | 0 |